French ordinateurs : De l’affaire Bull à l’assassinat du plan Calcul
Gespeichert in:
| 1. Verfasser: | |
|---|---|
| Format: | Buch |
| Sprache: | Undetermined |
| Veröffentlicht: |
Paris
Alain Moreau
1976
|
| Schlagworte: | |
| Tags: |
Tag hinzufügen
Keine Tags, Fügen Sie den ersten Tag hinzu!
|
| Thư viện lưu trữ: | Trung tâm Học liệu Trường Đại học Cần Thơ |
|---|
| LEADER | 00580nam a2200205Ia 4500 | ||
|---|---|---|---|
| 001 | CTU_89205 | ||
| 008 | 210402s9999 xx 000 0 und d | ||
| 082 | |a 338.4 | ||
| 082 | |b Q2 | ||
| 100 | |a Quatrepoint, Jean-Michel | ||
| 245 | 0 | |a French ordinateurs : | |
| 245 | 0 | |b De l’affaire Bull à l’assassinat du plan Calcul | |
| 245 | 0 | |c Jean-Michel Quatrepoint, Jacques Jublin | |
| 260 | |a Paris | ||
| 260 | |b Alain Moreau | ||
| 260 | |c 1976 | ||
| 650 | |a Computer industry | ||
| 650 | |z France | ||
| 904 | |i Giang | ||
| 980 | |a Trung tâm Học liệu Trường Đại học Cần Thơ | ||